[Event "ICS rated blitz match"]
[Site "207.99.83.229"]
[Date "1999.06.18"]
[Round "?"]
[White "Beadle"]
[Black "Hossa"]
[Result "0-1"]
[WhiteElo "2531"]
[BlackElo "2442"]
[PlyCount "78"]

1. d4 d5 2. Nf3 e6 3. Nc3 Nf6 4. Bg5 Be7 5. Bxf6 Bxf6 6. e4 O-O 7. e5 Be7 8.
Bb5 c6 9. Bd3 c5 10. dxc5 Bxc5 11. O-O Nc6 12. Na4 Be7 13. Re1 f6 14. exf6 Bxf6
15. c3 e5 16. Bb5 e4 17. Bxc6 bxc6 18. Nd4 Qd6 19. g3 Be5 20. Qd2 Bh3 21. Qe3
Qg6 22. Red1 Rac8 23. b4 Qg4 24. c4 Rf7 25. Nc3 a5 26. cxd5 axb4 27. Nxe4 c5
28. Nxc5 Bf4 29. Qb3 Rxc5 30. Ne6 Rc3 31. Qa4 Bd6 32. Qe8+ Bf8 33. Nd4 Re7 34.
Qb8 Qe4 35. f3 Rxf3 36. Qxf8+ Rxf8 37. Nf3 Qe3+ 38. Kh1 Qxf3+ 39. Kg1 39...
Qg2# {Beadle checkmated} 0-1

[Event "ICS rated standard match"]
[Site "207.99.83.229"]
[Date "1999.06.18"]
[Round "?"]
[White "Richimaster"]
[Black "Hossa"]
[Result "0-1"]
[WhiteElo "2131"]
[BlackElo "2202"]
[PlyCount "137"]

1. e4 e5 2. Nf3 Nc6 3. Bb5 a6 4. Ba4 Nf6 5. d3 d6 6. c3 Be7 7. O-O b5 8. Bc2
Bg4 9. h3 Bh5 10. Nbd2 O-O 11. Re1 Qd7 12. Nf1 Rab8 13. Ng3 Bg6 14. Nh4 b4 15.
Bd2 bxc3 16. Bxc3 Nd4 17. Nxg6 fxg6 18. Rb1 Nxc2 19. Qxc2 c5 20. b3 Nh5 21.
Nxh5 gxh5 22. Qe2 Qe8 23. Rf1 Bg5 24. Bd2 Bxd2 25. Qxd2 Rf4 26. Qa5 Qc8 27. b4
Rb5 28. Qa4 Qb7 29. a3 a5 30. Qc2 axb4 31. Qc4+ Kh8 32. axb4 Rf8 33. Qe6 Qb8
34. Rb3 cxb4 35. Rfb1 Rb7 36. Kh2 Rxf2 37. Qc4 Rd2 38. Rxb4 Rxb4 39. Rxb4 Qf8
40. Rb1 h6 41. Qd5 Qf4+ 42. Kh1 Qf2 43. Rb8+ Kh7 44. Qg8+ Kg6 45. Qe6+ Qf6 46.
Qxf6+ Kxf6 47. Rf8+ Ke6 48. Rf3 d5 49. Re3 d4 50. Rf3 h4 51. g3 hxg3 52. Rxg3
Kd6 53. Kg1 Kc5 54. h4 Kb4 55. Rxg7 Rxd3 56. Re7 Rh3 57. Rxe5 Rxh4 58. Kf2 d3
59. Ke3 Rh3+ 60. Kd2 Kc4 61. Rd5 h5 62. Rd8 Rh2+ 63. Ke3 Re2+ 64. Kf3 Re1 65.
Rc8+ Kb3 66. Rb8+ Kc2 67. Rc8+ Kd2 68. Kf4 Ke2 69. e5 {Richimaster resigns} 0-1

[Event "ICS rated blitz match"]
[Site "207.99.83.229"]
[Date "1999.06.18"]
[Round "?"]
[White "Hossa"]
[Black "blunite"]
[Result "0-1"]
[WhiteElo "2462"]
[BlackElo "2185"]
[PlyCount "49"]

1. e4 e5 2. f4 exf4 3. Nf3 h6 4. Bc4 d6 5. d4 g5 6. Nc3 Bg7 7. O-O Nc6 8. Bb5
Bd7 9. Bxc6 bxc6 10. Qd3 Ne7 11. h4 Ng6 12. Qc4 O-O 13. hxg5 hxg5 14. d5 c5 15.
Nh2 Rb8 16. Qe2 Bd4+ 17. Kh1 Kg7 18. a4 Rh8 19. Rf2 Ne5 20. Nd1 Bg4 21. Qf1
Bxd1 22. Bxf4 gxf4 23. Rxf4 Qg5 24. Ra3 Bg4 25. b4 {Hossa resigns} 0-1

[Event "ICS rated standard match"]
[Site "207.99.83.229"]
[Date "1999.06.18"]
[Round "?"]
[White "Hossa"]
[Black "DVM"]
[Result "0-1"]
[WhiteElo "2205"]
[BlackElo "2092"]
[PlyCount "53"]

1. e4 e5 2. f4 exf4 3. Nf3 g5 4. h4 g4 5. Ng5 h6 6. Nxf7 Kxf7 7. Qxg4 Nf6 8.
Qxf4 Bd6 9. Qf2 Kg7 10. d3 Rf8 11. e5 Bxe5 12. Rh3 d6 13. Rf3 Nc6 14. c3 Bg4
15. Qe3 Bxf3 16. Qxh6+ Kf7 17. gxf3 Rh8 18. Qg5 Nd5 19. Nd2 Qxg5 20. hxg5 Bg3+
21. Kd1 Rh1 22. f4 Re8 23. Kc2 Ne3+ 24. Kb3 Nxf1 25. Ne4 Bh2 26. Nf2 Rg1 27. f5
{Hossa resigns} 0-1

[Event "ICS rated bullet match"]
[Site "207.99.83.229"]
[Date "1999.06.18"]
[Round "?"]
[White "JSBach"]
[Black "Hossa"]
[Result "0-1"]
[WhiteElo "2014"]
[BlackElo "2407"]
[PlyCount "118"]

1. d4 d5 2. Bf4 e6 3. Nd2 Nf6 4. Ngf3 Bd6 5. Ne5 O-O 6. e3 c5 7. dxc5 Bxc5 8.
Bb5 Qb6 9. c4 a6 10. Qa4 Ra7 11. b4 Bd6 12. a3 axb5 13. Qxb5 Qxb5 14. cxb5 Bxb4
15. Nef3 Bd7 16. Rb1 Be7 17. O-O Bxa3 18. Ne5 Ra5 19. Nxd7 Nbxd7 20. Bc7 b6 21.
h3 Rc8 22. Bg3 Rc2 23. Nf3 Rb2 24. Nd4 e5 25. Nc6 Raxb5 26. Ra1 Bf8 27. Nxe5
Ra5 28. Rad1 Rc2 29. Nxd7 Nxd7 30. Kh2 Rc6 31. Rfe1 Bd6 32. e4 Bxg3+ 33. Kxg3
Re6 34. f3 Nf6 35. e5 Nd7 36. f4 f6 37. exf6 Rxe1 38. Rxe1 Nxf6 39. Re7 Rb5 40.
Kf3 Rb3+ 41. Ke2 Nh5 42. Kf1 Nxf4 43. Rd7 g5 44. Rd8+ Kf7 45. Rd7+ Kg6 46. Rd6+
Kf5 47. Rd7 h5 48. Kg1 Rb2 49. Kh1 Rxg2 50. Rf7+ Ke4 51. Rxf4+ gxf4 52. Kxg2
f3+ 53. Kf2 d4 54. Kf1 d3 55. Ke1 h4 56. Kf1 d2 57. Kf2 Kf4 58. Kg1 Kg3 59. Kf1
59... d1=Q# {JSBach checkmated} 0-1

[Event "ICS rated blitz match"]
[Site "207.99.83.229"]
[Date "1999.06.18"]
[Round "?"]
[White "Vicoli"]
[Black "Hossa"]
[Result "0-1"]
[WhiteElo "2036"]
[BlackElo "2435"]
[PlyCount "55"]

1. e4 e5 2. Nf3 Nc6 3. Bb5 a6 4. Bxc6 dxc6 5. O-O Bg4 6. d3 Bd6 7. Be3 Nf6 8.
Nbd2 O-O 9. h3 Bh5 10. Qe1 a5 11. Nh2 Qd7 12. f4 exf4 13. Bxf4 Bxf4 14. Rxf4
Qd4+ 15. Qf2 Qxb2 16. Rf1 Qxc2 17. Qg3 Be2 18. Rxf6 Qxd2 19. R1f2 Qe1+ 20. Nf1
Bxf1 21. Kh2 Bxd3 22. R6f4 Rad8 23. Rg4 g6 24. Qf4 f6 25. Rh4 Rd7 26. Rf3 Rff7
27. Rh6 Qxe4 28. Qxe4 {Vicoli resigns} 0-1

[Event "ICS rated blitz match"]
[Site "207.99.83.229"]
[Date "1999.06.18"]
[Round "?"]
[White "Hossa"]
[Black "kjhamster"]
[Result "1-0"]
[WhiteElo "2438"]
[BlackElo "2136"]
[PlyCount "65"]

1. e4 e5 2. f4 d6 3. d3 g6 4. Nf3 Bg7 5. fxe5 dxe5 6. Be2 Ne7 7. O-O O-O 8. Be3
Nbc6 9. Qd2 Be6 10. Bh6 Nd4 11. Bxg7 Kxg7 12. Rf2 f6 13. Nxd4 Qxd4 14. Nc3 c6
15. Raf1 Rf7 16. Kh1 a5 17. a3 Ng8 18. h4 Raf8 19. h5 b5 20. Nd1 a4 21. hxg6
hxg6 22. c3 Qd7 23. Ne3 Nh6 24. Kh2 Rh8 25. Kg1 Ng4 26. Bxg4 Bxg4 27. d4 exd4
28. cxd4 Rd8 29. d5 c5 30. Qc3 Rdf8 31. Qxc5 Rc8 32. Qd4 Rh8 33. Rxf6 {
kjhamster resigns} 1-0

[Event "ICS rated blitz match"]
[Site "207.99.83.229"]
[Date "1999.06.18"]
[Round "?"]
[White "TuborgMan"]
[Black "Hossa"]
[Result "0-1"]
[WhiteElo "2082"]
[BlackElo "2451"]
[PlyCount "186"]

1. e4 e5 2. Nf3 Nc6 3. Bb5 a6 4. Ba4 Nf6 5. d3 d6 6. c3 Be7 7. Nbd2 b5 8. Bb3
O-O 9. Nf1 a5 10. a4 b4 11. Ng3 bxc3 12. bxc3 Be6 13. O-O Bxb3 14. Qxb3 Rb8 15.
Qc4 Qd7 16. Nf5 Rfe8 17. Bg5 Ng4 18. Nxe7+ Nxe7 19. h3 Nf6 20. Bxf6 gxf6 21.
Rab1 d5 22. exd5 Nxd5 23. Rb5 Rxb5 24. axb5 Rb8 25. Rb1 c6 26. b6 Rxb6 27. Rxb6
Nxb6 28. Qa6 Nc8 29. d4 Qc7 30. dxe5 Kf8 31. exf6 c5 32. Ng5 h6 33. Ne4 Kg8 34.
f3 c4 35. Kf1 Kh7 36. Qb5 Qd8 37. Qxc4 Qd1+ 38. Kf2 Qd7 39. g4 a4 40. Nc5 Qd2+
41. Kg3 Qe1+ 42. Kf4 Qd2+ 43. Kg3 Qe1+ 44. Kg2 Qd2+ 45. Kf1 Qd1+ 46. Kf2 Qd2+
47. Qe2 Qxe2+ 48. Kxe2 Nb6 49. Kd3 Kg6 50. Ne4 h5 51. h4 Nd7 52. g5 Ne5+ 53.
Ke3 a3 54. Nc5 Nc4+ 55. Kd3 Ne5+ 56. Ke4 Nc4 57. Nb3 Nd6+ 58. Kd5 Nf5 59. f4
Nxh4 60. Ke4 Nf5 61. c4 h4 62. c5 h3 63. Kf3 a2 64. Na1 Nd4+ 65. Kg3 Ne2+ 66.
Kxh3 Kh5 67. c6 Nxf4+ 68. Kg3 Ne6 69. Kf3 Kxg5 70. Ke4 Kxf6 71. Kd5 Ke7 72. Ke5
Nc7 73. Nb3 f6+ 74. Kf5 Nd5 75. Na1 Kf7 76. Ke4 Ke6 77. Kd4 Kd6 78. Ke4 Kc5 79.
Kf5 Kxc6 80. Ke6 Kc5 81. Kf5 Kd4 82. Kg4 f5+ 83. Kxf5 Nb4 84. Kf4 Kc3 85. Ke4
Nc2 86. Nxc2 Kxc2 87. Kd5 a1=Q 88. Ke4 Qa5 89. Kd4 Qf5 90. Kc4 Qe5 91. Kb4 Qd5
92. Ka4 Kc3 93. Ka3 93... Qa5# {TuborgMan checkmated} 0-1

[Event "ICS rated blitz match"]
[Site "207.99.83.229"]
[Date "1999.06.18"]
[Round "?"]
[White "Hossa"]
[Black "Data"]
[Result "0-1"]
[WhiteElo "2454"]
[BlackElo "2856"]
[PlyCount "125"]

1. e4 c5 2. Nf3 Nc6 3. Bb5 g6 4. Bxc6 dxc6 5. h3 e5 6. O-O Bd6 7. d3 Be6 8. Ng5
Bd7 9. Nc3 Qe7 10. Be3 O-O-O 11. Qd2 f5 12. f4 Nf6 13. fxe5 Bxe5 14. Qf2 b6 15.
exf5 Bxf5 16. Rae1 Rde8 17. d4 cxd4 18. Bxd4 Nd7 19. Nf3 Qd6 20. Bxe5 Nxe5 21.
Rxe5 Rxe5 22. Rd1 Qc5 23. Nxe5 Qxe5 24. Rd2 h5 25. Re2 Qd6 26. Qh4 Rd8 27. Kh1
Rd7 28. b4 Qd4 29. Re8+ Kb7 30. Qg3 Ka6 31. Qf3 Rd6 32. Ne4 Qd1+ 33. Kh2 Qxf3
34. gxf3 Bxe4 35. fxe4 Rd2+ 36. Kg3 Rxc2 37. Re6 Kb5 38. Rxg6 Rxa2 39. Kf4 Rf2+
40. Kg5 Rg2+ 41. Kxh5 Rc2 42. h4 Kxb4 43. Rg1 a5 44. Rb1+ Kc5 45. Kg4 b5 46.
Ra1 a4 47. h5 Kd4 48. Re1 Ke5 49. h6 Rh2 50. Kg5 b4 51. Kg6 b3 52. Rc1 b2 53.
Rb1 a3 54. h7 Kxe4 55. Re1+ Kd3 56. Rb1 Kc2 57. h8=Q Rxh8 58. Re1 a2 59. Re2+
Kb3 60. Re3+ Kc4 61. Kf7 b1=Q 62. Ke7 a1=Q 63. Kd7 {Hossa resigns} 0-1

[Event "ICS rated blitz match"]
[Site "207.99.83.229"]
[Date "1999.06.18"]
[Round "?"]
[White "Hossa"]
[Black "suha"]
[Result "1-0"]
[WhiteElo "2451"]
[BlackElo "2272"]
[PlyCount "93"]

1. e4 d6 2. d4 c6 3. Nc3 e6 4. Nf3 Be7 5. Bd3 Bd7 6. e5 d5 7. O-O Qc7 8. Bf4 a6
9. Qd2 b5 10. Ng5 a5 11. Nxh7 Na6 12. a4 b4 13. Ne2 Bc8 14. c3 g6 15. Ng5 Rh5
16. Ng3 Rh8 17. Rac1 Nh6 18. Nxe6 fxe6 19. Bxh6 Kd7 20. c4 dxc4 21. Bxg6 c3 22.
bxc3 bxc3 23. Qe3 Qd8 24. Qxc3 Bb7 25. Qd2 Bb4 26. Qf4 Qe7 27. Ne4 Rag8 28.
Nf6+ Kc7 29. Nxg8 Rxg8 30. Bf7 Rh8 31. Bg5 Qf8 32. Bxe6 Qxf4 33. Bxf4 Re8 34.
Bg4 Rg8 35. Bf3 Ba3 36. Rc3 Bb4 37. Rc4 Be7 38. d5 Kb6 39. d6 Bg5 40. Bxg5 Rxg5
41. Rb1+ Ka7 42. e6 Re5 43. d7 Nb4 44. d8=Q Nd5 45. Rc5 Rxe6 46. Rxa5+ Ba6 47.
Qb8# {suha checkmated} 1-0

[Event "ICS rated blitz match"]
[Site "207.99.83.229"]
[Date "1999.06.18"]
[Round "?"]
[White "ComputoJon"]
[Black "Hossa"]
[Result "0-1"]
[WhiteElo "2266"]
[BlackElo "2459"]
[PlyCount "88"]

1. e4 e5 2. Nf3 Nc6 3. d4 exd4 4. Nxd4 Bc5 5. Nxc6 Qf6 6. Qd2 bxc6 7. Bd3 Ne7
8. Qf4 Qxf4 9. Bxf4 d6 10. Nc3 Bd4 11. O-O-O Ng6 12. Bg3 Bxc3 13. bxc3 O-O 14.
c4 c5 15. Kd2 Re8 16. f3 Rb8 17. Rb1 Bb7 18. Rb3 Ba6 19. Rhb1 Rb6 20. Rxb6 axb6
21. Rb3 Ne5 22. Bxe5 dxe5 23. Ra3 Ra8 24. c3 g5 25. g4 Kf8 26. Kc1 h6 27. Be2
Bb7 28. Rxa8+ Bxa8 29. Bd1 Bc6 30. Kb2 h5 31. h3 h4 32. Ka3 Ke7 33. Ba4 Bb7 34.
Kb3 f5 35. gxf5 Bxe4 36. fxe4 g4 37. hxg4 h3 38. g5 h2 39. f6+ Kf7 40. Bc6 h1=Q
41. Bd5+ Kg6 42. f7 Qb1+ 43. Ka3 Qc2 44. Be6 44... Qxc3+ {ComputoJon resigns}
0-1

[Event "ICS rated blitz match"]
[Site "207.99.83.229"]
[Date "1999.06.18"]
[Round "?"]
[White "suha"]
[Black "Hossa"]
[Result "0-1"]
[WhiteElo "2238"]
[BlackElo "2467"]
[PlyCount "60"]

1. e4 e5 2. Nf3 Nc6 3. d3 Nf6 4. h3 Bb4+ 5. c3 Be7 6. b4 d5 7. exd5 Qxd5 8. c4
Bxb4+ 9. Bd2 Qd6 10. Be2 Bf5 11. O-O O-O-O 12. a3 Bxd2 13. Qxd2 Bxd3 14. c5 Qd5
15. Nc3 Qc4 16. Bxd3 Rxd3 17. Qe1 Rxc3 18. Nd2 Qxc5 19. Rb1 Rxa3 20. Nb3 Qd5
21. Nd2 Rd3 22. Nf3 Rxf3 23. gxf3 Nd4 24. Rd1 Nxf3+ 25. Kh1 Qe6 26. Kg2 Nxe1+
27. Rdxe1 Nd5 28. Rh1 Nf4+ 29. Kf1 Qa6+ 30. Kg1 30... Qg6+ {suha resigns} 0-1

[Event "ICS rated blitz match"]
[Site "207.99.83.229"]
[Date "1999.06.18"]
[Round "?"]
[White "Hossa"]
[Black "suha"]
[Result "1-0"]
[WhiteElo "2474"]
[BlackElo "2231"]
[PlyCount "109"]

1. e4 d6 2. d4 e6 3. Nf3 b6 4. Bb5+ Bd7 5. Bxd7+ Qxd7 6. O-O h6 7. Nc3 a6 8. a4
Ne7 9. Bf4 Ng6 10. Qd2 Nxf4 11. Qxf4 Be7 12. a5 b5 13. Rfe1 g5 14. Qg3 Nc6 15.
d5 Nb4 16. Rad1 e5 17. Re2 g4 18. Ne1 h5 19. Nd3 h4 20. Qe3 Qd8 21. Nxb4 Bg5
22. Qd3 O-O 23. h3 gxh3 24. Qxh3 Qf6 25. Qg4 Qg6 26. Qd7 Rac8 27. Nxa6 Rfd8 28.
Qxb5 Be7 29. Qd3 Rf8 30. Nb5 Bd8 31. Nb4 f5 32. Nc6 fxe4 33. Qxe4 Qxe4 34. Rxe4
Rf7 35. Rg4+ Kh7 36. Nxd8 Rxd8 37. Rd3 Rg8 38. Rxh4+ Kg7 39. Rg3+ Kf8 40. Rxg8+
Kxg8 41. a6 Rf8 42. Nxc7 Rc8 43. a7 Kg7 44. a8=Q Rxa8 45. Nxa8 Kf6 46. Rh6+ Ke7
47. Re6+ Kd7 48. Nb6+ Kc7 49. Nc4 Kd7 50. Rxd6+ Ke7 51. Re6+ Kd7 52. Nxe5+ Kc7
53. Rc6+ Kd8 54. d6 Ke8 55. Rc8# {suha checkmated} 1-0

[Event "ICS rated blitz match"]
[Site "207.99.83.229"]
[Date "1999.06.18"]
[Round "?"]
[White "suha"]
[Black "Hossa"]
[Result "0-1"]
[WhiteElo "2221"]
[BlackElo "2480"]
[PlyCount "46"]

1. e4 e5 2. Nf3 Nc6 3. d4 exd4 4. Nxd4 Bc5 5. Be3 Qf6 6. Nc3 Bxd4 7. Nd5 Qe5 8.
Bxd4 Nxd4 9. Bd3 Ne6 10. O-O Qxb2 11. Rb1 Qxa2 12. f4 Ne7 13. Nxe7 Kxe7 14. Qg4
Kf8 15. Rf3 Qxb1+ 16. Rf1 Qb2 17. f5 Nc5 18. Bc4 Qd4+ 19. Kh1 Qxc4 20. Qf3 Qxc2
21. f6 Rg8 22. e5 gxf6 23. Qxf6 23... Qxg2# {suha checkmated} 0-1

[Event "ICS Rated standard match"]
[Site "207.99.83.229"]
[Date "1999.06.18"]
[Round "?"]
[White "sss20"]
[Black "Hossa"]
[Result "1-0"]
[WhiteElo "2094"]
[BlackElo "2186"]
[PlyCount "70"]

1. e4 e5 2. Nf3 Nc6 3. Bb5 a6 4. Bxc6 dxc6 5. O-O Bg4 6. h3 h5 7. d3 Bc5 8.
hxg4 hxg4 9. Ng5 g3 10. Nh3 gxf2+ 11. Kh1 Qh4 12. Qf3 Nf6 13. Nc3 Ng4 14. Ne2
Rh7 15. b4 Be7 16. Rb1 O-O-O 17. a4 Rdh8 18. b5 cxb5 19. axb5 a5 20. Ra1 b6 21.
Qxf7 Rd8 22. Qe6+ Kb8 23. Ra4 Rf8 24. Rxa5 bxa5 25. b6 Bc5 26. bxc7+ Kxc7 27.
Qc4 Kb6 28. Nc3 Bd6 29. Bg5 Rf6 30. Bxh4 Rxh4 31. Qb5+ Kc7 32. Nd5+ Kd8 33.
Qxa5+ Ke8 34. Nxf6+ gxf6 35. Qa8+ 35... Kd7 {Hossa resigns} 1-0

[Event "ICS rated standard match"]
[Site "207.99.83.229"]
[Date "1999.06.18"]
[Round "?"]
[White "Hossa"]
[Black "middie"]
[Result "1-0"]
[WhiteElo "2166"]
[BlackElo "2046"]
[PlyCount "59"]

1. e4 e6 2. d4 d5 3. Nd2 Nf6 4. e5 Nfd7 5. Ngf3 c5 6. c3 Nc6 7. Bb5 cxd4 8.
cxd4 f6 9. Qa4 fxe5 10. Bxc6 bxc6 11. Qxc6 Rb8 12. Qxe6+ Be7 13. Ng5 Rf8 14.
Nxh7 Nc5 15. Qg6+ Rf7 16. dxc5 Bf5 17. Nf6+ Bxf6 18. Qxf5 Bh4 19. Qe6+ Kf8 20.
O-O e4 21. Rb1 Kg8 22. f3 Qg5 23. fxe4 Qe3+ 24. Kh1 Bf2 25. c6 Rbf8 26. c7 Qc5
27. exd5 Qxc7 28. Rxf2 Kh7 29. Ne4 Rxf2 30. Ng5+ {middie resigns} 1-0

[Event "ICS Rated standard match"]
[Site "207.99.83.229"]
[Date "1999.06.18"]
[Round "?"]
[White "Hossa"]
[Black "Salama-Santeri"]
[Result "1/2-1/2"]
[WhiteElo "2177"]
[BlackElo "1893"]
[PlyCount "83"]

1. e4 c6 2. d4 d5 3. Nc3 dxe4 4. Nxe4 Bf5 5. Ng3 Bg6 6. Nf3 Nd7 7. Bd3 Bxd3 8.
Qxd3 e6 9. O-O Ngf6 10. Qb3 Qb6 11. Be3 Qxb3 12. axb3 Nd5 13. Nh5 Nxe3 14. fxe3
g6 15. Ng3 Bh6 16. Rae1 O-O 17. Ne4 Bg7 18. Nd6 b6 19. Ng5 Nf6 20. c3 h6 21.
Nf3 Nd5 22. e4 Nc7 23. Ra1 Nb5 24. Nxb5 cxb5 25. Ra6 Rfb8 26. b4 Rb7 27. d5
exd5 28. exd5 Rd8 29. Rd1 Rbd7 30. Rda1 Rxd5 31. Rxa7 Rd1+ 32. Kf2 Rxa1 33.
Rxa1 g5 34. g4 h5 35. gxh5 g4 36. Rg1 gxf3 37. h6 Rd2+ 38. Kxf3 Rxh2 39. Rxg7+
Kf8 40. Rh7 Kg8 41. Rg7+ Kf8 42. Rh7 {Game drawn by mutual agreement} 1/2-1/2

[Event "ICS Rated blitz match"]
[Site "207.99.83.229"]
[Date "1999.06.18"]
[Round "?"]
[White "SuperChicken"]
[Black "Hossa"]
[Result "1-0"]
[WhiteElo "2727"]
[BlackElo "2486"]
[PlyCount "99"]

1. e4 c5 2. Nf3 d6 3. d4 cxd4 4. Nxd4 Nf6 5. Nc3 a6 6. Bg5 e6 7. f4 Qc7 8. Qf3
Nbd7 9. O-O-O b5 10. Bd3 Rb8 11. f5 b4 12. Nce2 Ne5 13. Qg3 Be7 14. fxe6 fxe6
15. Bxf6 Bxf6 16. Rhf1 O-O 17. Kb1 Nc6 18. Nxc6 Qxc6 19. Rf3 Bd7 20. Rdf1 Be5
21. Qf2 Rf6 22. g4 Rbf8 23. Ng1 Qa4 24. Rxf6 Rxf6 25. Nf3 Bf4 26. Qg2 a5 27. g5
Rf8 28. g6 h6 29. Nd4 Be5 30. Rxf8+ Kxf8 31. Qf3+ Bf6 32. Bc4 Be8 33. Nxe6+ Ke7
34. Qh5 Qc6 35. Qxa5 Qc8 36. Qxb4 Be5 37. Bb3 Bxg6 38. a4 Bxh2 39. Qd4 Be5 40.
Qa7+ Ke8 41. Nxg7+ Kd8 42. Ne6+ Ke8 43. a5 Bxe4 44. Qf2 Kd7 45. Qf7+ Kc6 46.
Nd4+ Bxd4 47. Ba4+ Kc5 48. b4+ Kxb4 49. Qb3+ Kxa5 50. Qb5# {Hossa checkmated}
1-0

[Event "ICS rated standard match"]
[Site "207.99.83.229"]
[Date "1999.06.18"]
[Round "?"]
[White "SPIKE-1"]
[Black "Hossa"]
[Result "1-0"]
[WhiteElo "2289"]
[BlackElo "2166"]
[PlyCount "92"]

1. e4 c5 2. Nc3 d6 3. Nf3 Nf6 4. d4 cxd4 5. Nxd4 Bg4 6. Bb5+ Nbd7 7. f3 Bh5 8.
Nde2 Qa5 9. h4 h6 10. Nf4 e6 11. e5 Ne4 12. Bd2 Ng3 13. Rh3 dxe5 14. Nd3 O-O-O
15. Rxg3 Qb6 16. Qe2 Qg1+ 17. Qf1 Qxf1+ 18. Kxf1 Nc5 19. Be3 Nxd3 20. Bxd3 Kb8
21. Re1 Be7 22. Rxg7 Bf6 23. Rh7 Rxh7 24. Bxh7 Bxh4 25. Bf2 Bxf2 26. Kxf2 f5
27. g4 fxg4 28. Rxe5 Bf7 29. fxg4 Re8 30. Bd3 a6 31. Ne4 Kc7 32. Ke3 Re7 33. c4
Bg6 34. c5 Kd8 35. b4 Be8 36. Nd6 Bc6 37. Rh5 Rg7 38. Kf4 Kc7 39. Rxh6 Re7 40.
Ke5 Rg7 41. Bc4 Rg5+ 42. Kf6 Rg8 43. Rh7+ Kb8 44. Bxe6 Rd8 45. g5 Ka7 46. g6
46... a5 {Hossa resigns} 1-0

[Event "ICS Rated standard match"]
[Site "207.99.83.229"]
[Date "1999.06.18"]
[Round "?"]
[White "Hossa"]
[Black "Brookie"]
[Result "1/2-1/2"]
[WhiteElo "2155"]
[BlackElo "1843"]
[PlyCount "106"]

1. e4 e5 2. Nf3 Nc6 3. Bb5 Bb4 4. c3 Ba5 5. Na3 Bb6 6. Nc4 d6 7. d4 exd4 8.
cxd4 d5 9. Bxc6+ bxc6 10. Nce5 Ne7 11. exd5 cxd5 12. Qa4+ Bd7 13. Nxd7 Qxd7 14.
Qxd7+ Kxd7 15. O-O f6 16. a4 Nf5 17. Be3 Nxe3 18. fxe3 Ba5 19. Rac1 Rhe8 20.
Rc5 Bb6 21. Rxd5+ Kc6 22. Rh5 Rxe3 23. a5 g6 24. Rc1+ Kb7 25. Rd5 c6 26. Rd7+
Bc7 27. d5 Rd8 28. dxc6+ Kc8 29. Rxh7 Rb3 30. Rf7 Rxb2 31. Rxf6 Bxa5 32. Rxg6
Bb6+ 33. Kh1 Bc7 34. Rg7 Rb5 35. h4 Rh8 36. g4 Rb2 37. h5 Rf8 38. Rd1 Rxf3 39.
Rg8+ Bd8 40. Rdxd8+ Kc7 41. Rc8+ Kd6 42. Kg1 Rbf2 43. Rgd8+ Ke5 44. Rd1 Rc2 45.
Ra1 Rff2 46. Ra5+ Kd6 47. Rxa7 Rg2+ 48. Kf1 Rgf2+ 49. Ke1 Rfe2+ 50. Kd1 Red2+
51. Ke1 Re2+ 52. Kd1 Red2+ 53. Ke1 53... Re2+ {Game drawn by repetition}
1/2-1/2

[Event "ICS Rated standard match"]
[Site "207.99.83.229"]
[Date "1999.06.18"]
[Round "?"]
[White "Hossa"]
[Black "sikksyk"]
[Result "1-0"]
[WhiteElo "2144"]
[BlackElo "2215"]
[PlyCount "46"]

1. e4 c5 2. Nf3 d6 3. d4 cxd4 4. Nxd4 Nf6 5. Nc3 Nc6 6. Bg5 e6 7. Qd2 Be7 8.
O-O-O O-O 9. f4 h6 10. Bh4 e5 11. Nf5 Bxf5 12. exf5 exf4 13. Kb1 d5 14. Bxf6
Bxf6 15. Nxd5 Be5 16. Bc4 b5 17. Bxb5 Rb8 18. Qe2 a6 19. Bxc6 Rxb2+ 20. Kc1 Qb8
21. Rhe1 Bd4 22. Rxd4 Rb1+ 23. Kd2 23... f3 {sikksyk resigns} 1-0

[Event "ICS rated standard match"]
[Site "207.99.83.229"]
[Date "1999.06.18"]
[Round "?"]
[White "Harpo"]
[Black "Hossa"]
[Result "1/2-1/2"]
[WhiteElo "1816"]
[BlackElo "2147"]
[PlyCount "236"]

1. d4 d5 2. e3 Bf5 3. c4 Nf6 4. Qb3 b6 5. Nf3 e6 6. cxd5 Nxd5 7. Ne5 Nb4 8. Bd3
Nxd3+ 9. Nxd3 Bd6 10. O-O Nd7 11. Nd2 Qh4 12. Nf3 Qe4 13. Nde5 Bxe5 14. dxe5
O-O 15. Bd2 Nxe5 16. Nxe5 Qxe5 17. Bc3 Qe4 18. Rfd1 Rfd8 19. Rxd8+ Rxd8 20. Rd1
Rxd1+ 21. Qxd1 Qb1 22. Qxb1 Bxb1 23. a3 f6 24. Kf1 c5 25. Ke2 h5 26. f3 Bc2 27.
e4 Kh7 28. Kd2 Bb3 29. f4 Kg6 30. h4 a5 31. Ke3 a4 32. g3 Kf7 33. Kd3 Ke7 34.
Ke3 Kd7 35. Kd3 Kd6 36. Ke3 e5 37. fxe5+ fxe5 38. Kd3 Bd1 39. Bd2 Bf3 40. Ke3
Bg2 41. Bc3 Ke6 42. Kd3 Bf3 43. Ke3 Bg4 44. Kd3 b5 45. Ke3 Kd6 46. Kd3 Bh3 47.
Ke2 Be6 48. Ke3 Bb3 49. Ke2 Ke6 50. Ke3 Bd1 51. Kd2 Bf3 52. Ke3 Bg2 53. Kd3
Bf1+ 54. Ke3 Bc4 55. Kf3 Bd3 56. Ke3 Bc2 57. Kf3 Kd6 58. Ke3 Bd1 59. Kd2 Bf3
60. Ke3 Bg2 61. Bd2 Bh3 62. Bc3 Be6 63. Kf3 Bg4+ 64. Ke3 Ke6 65. Kd3 Kf6 66.
Ke3 Bd7 67. Kf3 c4 68. Ke3 Bg4 69. Kf2 Bd1 70. Ke3 Bb3 71. Ke2 Ke6 72. Kf2 Bc2
73. Ke3 Kf6 74. Kf3 Bd3 75. Ke3 Bb1 76. Kf3 Bc2 77. Ke3 Bd1 78. Kf2 Bg4 79. Ke3
Ke6 80. Kf2 Kd6 81. Ke3 Bd1 82. Kd2 Bf3 83. Ke3 Bg4 84. Kf2 Ke6 85. Ke3 Bd1 86.
Kf2 g6 87. Ke3 Kf6 88. Kf2 Bc2 89. Ke3 Bd3 90. Kf3 Ke6 91. Ke3 Kd6 92. Bb4+ Kd7
93. Bc3 Ke6 94. Kf3 Bc2 95. Ke3 Kf6 96. Kf3 Bd3 97. Ke3 Bf1 98. Kf2 Bh3 99. Kf3
Bg4+ 100. Ke3 Ke6 101. Kf2 Kd6 102. Ke3 Bd1 103. Bb4+ Kd7 104. Bc3 Ke6 105. Kd2
Bb3 106. Ke2 Kd6 107. Bb4+ Kd7 108. Bc3 Ke6 109. Kd2 Kd6 110. Bb4+ Kd7 111. Bc3
Kd6 112. Ke2 Ba2 113. Bb4+ Ke6 114. Bc3 Bb1 115. Kf3 Kf6 116. Ke3 Ba2 117. Kf3
Bb3 118. Ke3 118... Bc2 {Game drawn by mutual agreement} 1/2-1/2

[Event "ICS Rated standard match"]
[Site "207.99.83.229"]
[Date "1999.06.19"]
[Round "?"]
[White "Hossa"]
[Black "Salama-Santeri"]
[Result "1-0"]
[WhiteElo "2135"]
[BlackElo "1901"]
[PlyCount "70"]

1. e4 c6 2. d4 d5 3. exd5 cxd5 4. c3 Nf6 5. Nf3 Bg4 6. Be2 e6 7. O-O Bd6 8. Na3
Bxa3 9. Qa4+ Nbd7 10. Qxa3 a6 11. Bg5 h6 12. Bf4 b5 13. Rae1 Nb6 14. Ne5 Bxe2
15. Rxe2 Nc4 16. Nxc4 bxc4 17. Be5 Qb6 18. f4 Kd7 19. f5 Rhe8 20. Qa4+ Qc6 21.
Qxc6+ Kxc6 22. Bxf6 gxf6 23. fxe6 Rxe6 24. Rxe6+ fxe6 25. Rxf6 Kd6 26. Rxh6 Rb8
27. Rf6 Rxb2 28. Rf2 Rb1+ 29. Rf1 Rb2 30. h4 Rxa2 31. h5 Rb2 32. h6 Rb8 33. Ra1
Ra8 34. h7 Ke7 35. Rxa6 35... Kf6 {Salama-Santeri resigns} 1-0

[Event "ICS rated standard match"]
[Site "207.99.83.229"]
[Date "1999.06.19"]
[Round "?"]
[White "Wally-sWorld"]
[Black "Hossa"]
[Result "0-1"]
[WhiteElo "1771"]
[BlackElo "2142"]
[PlyCount "67"]

1. e4 e5 2. Nf3 Nc6 3. Bc4 Bc5 4. O-O Nf6 5. d3 d6 6. Nc3 Bg4 7. Be3 Nd4 8.
Bxd4 Bxd4 9. h3 Bxf3 10. Qxf3 Bxc3 11. bxc3 c6 12. d4 O-O 13. Rfd1 d5 14. dxe5
Nxe4 15. Rd4 Qa5 16. Rxe4 dxe4 17. Qxe4 Rae8 18. Bd3 g6 19. f4 Qxc3 20. Re1 Rd8
21. Re3 Qa1+ 22. Kh2 Rd4 23. Qf3 Qxa2 24. f5 Qa4 25. f6 Re8 26. Qg3 Rh4 27. c4
Rxc4 28. Bxc4 Qxc4 29. Qg5 Qc5 30. Qh6 Qf8 31. Qf4 a5 32. Re4 b5 33. Qd2 a4 34.
Rf4 {Wally-sWorld resigns} 0-1

[Event "ICS Rated standard match"]
[Site "207.99.83.229"]
[Date "1999.06.19"]
[Round "?"]
[White "robbok1"]
[Black "Hossa"]
[Result "1-0"]
[WhiteElo "2468"]
[BlackElo "2145"]
[PlyCount "84"]

1. e4 e5 2. Nf3 Nc6 3. d4 exd4 4. Bc4 Bb4+ 5. c3 dxc3 6. bxc3 Bd6 7. O-O Nge7
8. a4 O-O 9. Na3 Ne5 10. Bg5 Qe8 11. Nxe5 Bxe5 12. Qb3 Kh8 13. Rae1 a6 14. Nc2
Ng6 15. Nd4 Nf4 16. Bxf4 Bxf4 17. g3 Bd2 18. Re2 Bg5 19. e5 Ra7 20. Bd5 b6 21.
Rd1 g6 22. a5 Bb7 23. Nf3 Bd8 24. axb6 Bxd5 25. Rxd5 cxb6 26. c4 Qe6 27. Rd6
Qh3 28. Qc3 Kg8 29. Red2 Re8 30. Qb3 a5 31. R2d5 a4 32. Qd3 a3 33. Rxd7 Bc7 34.
Ng5 Qxd7 35. Rxd7 a2 36. Qd5 a1=Q+ 37. Kg2 Re6 38. Nxe6 Ra8 39. Nd8 Qf1+ 40.
Kxf1 Ra1+ 41. Kg2 Kh8 42. Qxf7 42... Rg1+ {Hossa resigns} 1-0